000
00282nam a2200109Ia 4500
008
190911s9999||||xx |||||||||||||| ||und||
100
_a
Mansfield,Richard
245
0
_a
Microsoft Windows NT4 workstation Desktop companion
260
_a
USA
_b
Pearson
_c
1996
300
_a
970
942
_c
BK
999
_c
6977
_d
6977